Manual práctico laboral (Registro nro. 4714)

Detalles MARC
000 -LEADER
fixed length control field 01276 a2200217 4500
001 - CONTROL NUMBER
control field 48777
005 - DATE AND TIME OF LATEST TRANSACTION
control field 20260407155753.0
008 - FIXED-LENGTH DATA ELEMENTS--GENERAL INFORMATION
fixed length control field 260407a1983 arg spa d
003 - CONTROL NUMBER IDENTIFIER
control field AR-UNSa-BCEJYS
040 ## - CATALOGING SOURCE
Original cataloging agency AR-UNSa-BCEJYS
Language of cataloging spa
Transcribing agency AR-UNSa-BCEJYS
080 ## - UNIVERSAL DECIMAL CLASSIFICATION NUMBER
Universal Decimal Classification number 349.2
Common auxiliary subdivision Derecho del Trabajo
020 ## - INTERNATIONAL STANDARD BOOK NUMBER
International Standard Book Number 950-543-059-0
100 1# - MAIN ENTRY--PERSONAL NAME
Personal name Rubio, Valentín
245 10 - TITLE STATEMENT
Title Manual práctico laboral
250 ## - EDITION STATEMENT
Edition statement 4a.ed.
264 #1 - PRODUCTION, PUBLICATION, DISTRIBUTION, MANUFACTURE, AND COPYRIGHT NOTICE
Place of production, publication, distribution, manufacture Buenos Aires :
Name of producer, publisher, distributor, manufacturer Cangallo
Date of production, publication, distribution, manufacture, or copyright notice 1983
300 ## - PHYSICAL DESCRIPTION
Extent 357 p.
Dimensions 23 cm.
505 ## - FORMATTED CONTENTS NOTE
Formatted contents note 1. Disposiciones generales - 2. Contrato de trabajo - 3. Facultades del empleador - 4. Modalidades del contrato de trabajo - 5. Remuneración - 6. Vacaciones - 7. Jornada de trabajo - 8. Descanso semanal - 9. Feriados - 10. Enfermedades y accidentes inculpables - 11. Accidentes de trabajo y enfermedades profesionales - 12. Suspensiones económicas y diciplinarias - 13. Conservación del puesto - 14. Trabajo de mujeres y menores - 15. Preaviso - 16. Causas de extensión del contrato de trabajo - 17. Asociaciones profesionales - 18. Aportes contribuciones - 19. Asignaciones familiares - 20. Prescripciones e indexación - 21. Casos prácticos - 22. Documentación y papeles de trabajo - 23. Normas legales.
590 ## - LOCAL NOTE (RLIN)
Local note niveau_biblio:m niveau_hierar:0
942 ## - ADDED ENTRY ELEMENTS (KOHA)
Koha item type
Existencias
Withdrawn status Lost status Damaged status Not for loan Home library Current library Shelving location Date acquired Total checkouts Full call number Barcode Date last seen Price effective from Koha item type
        Biblioteca Prof. Eusebio Cleto del Rey Biblioteca Prof. Eusebio Cleto del Rey   07/04/2026   349.2 R896m 4ed. L39070 07/04/2026 07/04/2026 Libro
        Biblioteca Prof. Eusebio Cleto del Rey Biblioteca Prof. Eusebio Cleto del Rey   07/04/2026   349.2 R896m 4ed. L35860 07/04/2026 07/04/2026 Libro